000 00679nam a2200217 a 4500
005 20240920064101.0
008 011126s1995 es r 000 0 spa d
020 _a847869210x
035 _aUPN01000114091
049 _aCG
050 4 _aLB1067
_bC3.7
100 1 _aCastro Gómez, Leandro
245 1 0 _aPrograma de los 20 aros :
_bla práctica psicomotriz en el curriculum de educación infantil /
_cLeandro Castro Gómez.
260 _aMadrid :
_bCEPE,
_c1995.
300 _a162 p. :
_eil.
440 0 _aPsicomotricidad y educación
650 2 _aAprendizaje perceptivo
_9470
650 4 _aEducación de niños
_95387
650 7 _aPsicomotricidad
_2
_95010
905 _aLibro
999 _c87999
_d87999